GK power pack 2006 (Record no. 86495)

MARC details
000 -LEADER
fixed length control field 00452nam a2200181Ia 4500
008 - FIXED-LENGTH DATA ELEMENTS--GENERAL INFORMATION
fixed length control field 230125s9999 xx 000 0 und d
041 ## - LANGUAGE CODE
Language code of text/sound track or separate title eng
082 ## - DEWEY DECIMAL CLASSIFICATION NUMBER
Classification number 153.94
Item number SAJ
100 ## - MAIN ENTRY--PERSONAL NAME
Personal name Sajnani K
9 (RLIN) 109814
245 ## - TITLE STATEMENT
Title GK power pack 2006
260 ## - PUBLICATION, DISTRIBUTION, ETC. (IMPRINT)
Date of publication, distribution, etc. 2005
Name of publisher, distributor, etc. IMS
Place of publication, distribution, etc. Mumbai
300 ## - PHYSICAL DESCRIPTION
Extent 244p
500 ## - GENERAL NOTE
Keywords General Knowledge;Aptitude Tests
650 ## - SUBJECT ADDED ENTRY--TOPICAL TERM
Topical term or geographic name as entry element Aptitude tests
700 ## - ADDED ENTRY--PERSONAL NAME
Personal name Sajnani K
9 (RLIN) 109814
906 ## - LOCAL DATA ELEMENT F, LDF (RLIN)
b 24
Holdings
Withdrawn status Lost status Damaged status Not for loan Home library Current library Date acquired Vendor Cost, normal purchase price Bill number Total Checkouts Full call number Barcode Date last seen Cost, replacement price Bill Date Koha item type Original Barcode
        Smt. Hiraben Nanavati Institute of Management & Research for Women Smt. Hiraben Nanavati Institute of Management & Research for Women 15/02/2006 Advantage (IMS) 120.00 01-06/SHNI   153.94 SAJ B04956 HIMR-BK-4956 25/01/2023 96.00 12/01/2006 Books B04956